| 000 | 01907cam a2200397 i 4500 | ||
|---|---|---|---|
| 001 | 18381020 | ||
| 003 | OSt | ||
| 005 | 20230819111457.0 | ||
| 008 | 141114r20161983maua b 001 0 eng | ||
| 010 | _a 2014957045 | ||
| 020 | _a9789355734860 | ||
| 040 |
_aDLC _beng _cDLC _erda _dDLC |
||
| 042 | _apcc | ||
| 050 | 0 | 0 |
_aT56 _b.A63 2016 |
| 082 | 0 | 4 |
_a658.5 _bAND/Q |
| 100 |
_aAnderson, David R _d1941- _q(David Ray), _eauthor. _9879 |
||
| 245 | 1 | 0 |
_aQuantitative methods for business / _cDavid R. Anderson, University of Cincinnati; Dennis J. Sweeney, University of Cincinnati; Thomas A. Williams, Rochester Institute of Technology; Jeffrey D. Camm, University of Cincinnati; James J. Cochran, University of Alabama; Michael J. Fry, University of Cincinnati; Jeffrey W. Ohlmann, University of Iowa. |
| 250 | _aThirteenth edition. | ||
| 264 | 1 |
_aBoston, MA : _bCengage Learning, _c[2016] |
|
| 300 |
_axxii, 914 pages : _billustrations (chiefly color) ; _c26 cm |
||
| 336 |
_atext _btxt _2rdacontent |
||
| 337 |
_aunmediated _bn _2rdamedia |
||
| 338 |
_avolume _bnc _2rdacarrier |
||
| 504 | _aIncludes bibliographical references (pages 844-845) and index. | ||
| 650 | 0 |
_aManagement science _vTextbooks. |
|
| 700 | 1 |
_aSweeney, Dennis J. _eauthor. _91483 |
|
| 700 | 1 |
_aWilliams, Thomas A. _q(Thomas Arthur), _d1944- _eauthor. _91484 |
|
| 700 | 1 |
_aCamm, Jeffrey D., _d1958- _eauthor. |
|
| 700 | 1 |
_aCochran, James J., _eauthor. |
|
| 700 | 1 |
_aFry, Michael J., _eauthor. |
|
| 700 | 1 |
_aOhlmann, Jeffrey W., _eauthor. |
|
| 856 | 4 | 2 |
_3Contributor biographical information _uhttp://www.loc.gov/catdir/enhancements/fy1509/2014957045-b.html |
| 856 | 4 | 2 |
_3Publisher description _uhttp://www.loc.gov/catdir/enhancements/fy1509/2014957045-d.html |
| 856 | 4 | 1 |
_3Table of contents only _uhttp://www.loc.gov/catdir/enhancements/fy1509/2014957045-t.html |
| 942 |
_2ddc _cBK _h658.5 _iAND/Q _k658.5 _mAND/Q |
||
| 999 |
_c41911 _d41911 |
||